000 01412nam0a2200373 i 4500
001 RU\NLR\BIBL_A\011102931
005 20241109123440.0
010 _a9785447000714
_91000
021 _aRU
_b2016-24586
_91563
035 _a(NILC)RuMoRGB-008262943
035 _a(NLR Aleph) 011102931
090 _a11430196
_c11430196
100 _a20160415d2016 km y0rusy50 ca
101 0 _arus
102 _aRU
105 _ay||||||||||||
200 1 _aАнтонио Ринальди (1709-1710-е - 1794)
_e[ жизнь и творчество
_fавт. текста: Л. Зимина]
210 _aМосква
_cДирект-Медиа
_cКомсомольская правда
_d2016
215 _a69, [2] с.
_cил., цв. ил., портр.
_d31
225 1 _aВеликие архитекторы
_vт. 33
300 _aЗагл. обл.: Ринальди
300 _aАвт. указан в вып. дан.
333 _a6+
512 1 _aРинальди
600 1 _aРинальди
_bА.
_f1710 - 1790
_gАнтонио
_91562745
_3RU\NLR\AUTH\66983987
675 _a72
686 1 _aЩ113(2Р=Рус)4-8Ринальди
700 1 _aЗимина
_bЛ.
702 1 _4570
_aРинальди
_bА.
_cархитектор
_f1709-1794
_gАнтонио
_9133115
_3RU\NLR\AUTH\770133149
801 0 _aRU
_bРГБ
_c20160331
_gRCR
942 _cBOOK
980 _aNBR